[Event "RUS-chT Premier League 2018"]
[Site "Sochi"]
[Date "2018.05.04"]
[Round "4"]
[White "Lomasov, Semen"]
[Black "Goganov, Aleksey"]
[Result "1/2-1/2"]
[WhiteElo "2550"]
[BlackElo "2570"]
[Annotator "TA"]
[PlyCount "104"]
[EventDate "2018.??.??"]
[EventCountry "RUS"]
[SourceTitle "playchess.com"]
[Source "ChessBase"]
[SourceQuality "1"]

{[%evp 27,104,0,0,0,17,19,12,10,16,8,16,16,15,11,18,11,30,22,41,45,54,45,52,-32,0,0,0,0,0,0,0,0,64,39,68,0,0,0,0,17,22,0,0,0,0,0,0,0,0,0,0,0,0,0,0,0,0,18,118,0,50,37,31,41,39,38,49,0,133,0,0,0,0,0,0,0,0,0,0]} 1. e4 e5 2. Nf3 Nc6 3. Bc4 Bc5 4. c3 {[%cal Bc2c3,Bc3d4][%mdl 32]} Nf6 5. d4 exd4 6. e5 d5 7. Bb5 Ne4 8. cxd4 Bb6 9. Nc3 O-O 10. Be3 {C54: Giuoco Piano: 4 c3 Nf6, main lines with 5 d4 and 5 d3} Bg4 11. h3 Bh5 12. Qc2 Bg6 13. Qb3 Ne7 14. O-O c6 {LiveBook: 10 Games} 15. Bd3 Nd2 16. Nxd2 {[#] Hoping for Ne2.} Bxd3 17. Rfe1 Bg6 {[#]} 18. Na4 $146 Nf5 19. Nf3 Nxe3 20. Rxe3 Be4 21. Rd1 Kh8 22. Nd2 Bg6 23. Qc3 Rc8 {[%cal Ba8c8,Bc8c7,Bc7e7][%mdl 32]} 24. b4 f6 25. e6 (25. Nc5 $14) 25... Rc7 26. Nxb6 axb6 27. a4 Re8 28. Rde1 Rce7 29. a5 bxa5 (29... h5 $11) 30. bxa5 $14 Bf5 {[%cal Re7e6]} 31. Qb4 (31. a6 $1 $14) 31... Kg8 $11 (31... Rxe6 $2 32. Qxb7 Be4 33. f3 $18) 32. Nb3 Bxe6 33. Nc5 Qd6 $1 34. Qb6 Bc8 35. Rxe7 Rxe7 36. Rxe7 Qxe7 37. Qa7 Qe1+ 38. Kh2 Qxf2 39. Qb8 Kf7 $1 40. Nxb7 Bxb7 41. Qxb7+ {[%mdl 4096] Endgame KQ-KQ} Kg6 42. Qb1+ f5 (42... Kh6 $11) 43. Qa1 (43. Qd3 $16 Qa2 44. Qg3+ Kh6 45. Qf4+ Kg6 46. h4) 43... Qf4+ 44. Kh1 {[%mdl 1024] Black must now prevent a6. White has compensation.} Qc7 45. a6 {aiming for a7.} Qa7 46. Qa4 Kg5 47. Kg1 c5 {[#]} (47... h5 $11 {remains equal.}) 48. Qc6 (48. h4+ $1 $16 {[%mdl 512]} Kxh4 49. dxc5+ Kg5 50. Qa5) 48... c4 {The position is equal.} ({Much weaker is} 48... cxd4 $6 49. Qb7 $16) 49. Kh2 Qb8+ ({But not} 49... Qxd4 $2 50. Qc7 $18) 50. Kh1 Qb1+ 51. Kh2 Qb8+ $1 52. Kh1 {Qb7 is the strong threat.} Qb1+ {Precision: White = 65%, Black = 45%.} 1/2-1/2

[Event "RUS-chT Premier League 2018"]
[Site "Sochi"]
[Date "2018.05.04"]
[Round "4"]
[White "Bocharov, Ivan"]
[Black "Rublevsky, Sergei"]
[Result "1-0"]
[WhiteElo "2547"]
[BlackElo "2665"]
[Annotator "TA"]
[PlyCount "135"]
[EventDate "2018.??.??"]
[EventCountry "RUS"]
[SourceTitle "playchess.com"]
[Source "ChessBase"]
[SourceQuality "1"]

{[%evp 24,135,-4,0,0,-36,-37,-35,-20,-8,-22,-27,-11,-34,-29,-49,-35,-54,-15,-30,0,0,0,0,46,39,50,60,64,52,112,112,112,112,112,112,112,114,100,97,93,100,88,91,128,135,136,14,136,43,136,136,136,136,136,136,177,0,95,44,137,137,137,137,194,179,179,160,158,111,245,92,107,114,350,332,427,410,567,512,706,691,7312,5743,29980,2141,29958,7137,29955,7192,2735,2490,29975,29971,29969,29969,29977,29978,29978,29974,29979,29980,29980,29981,29981,29982,29982,29983,29983,29984,29985,29986,29986,29987]} 1. e4 c5 2. Nf3 e6 3. d4 cxd4 4. Nxd4 Nc6 5. Nc3 a6 6. Nxc6 bxc6 7. Bd3 Qc7 8. O-O Nf6 9. f4 d5 10. e5 Nd7 {B46: Sicilian: Taimanov: 5 Nc3 a6} 11. Na4 Nb6 12. Nxb6 Qxb6+ 13. Kh1 {LiveBook: 5 Games} Be7 14. f5 $146 ({Predecessor:} 14. c4 O-O 15. Qe2 a5 16. cxd5 cxd5 17. Be3 d4 18. Bf2 {0-1 (105) Zawadzka,J (2419)-Pavlidis,A (2539) Minsk 2017}) 14... exf5 15. Bxf5 Bxf5 16. Rxf5 O-O 17. b3 Rad8 18. Qd3 c5 19. Bg5 Bxg5 20. Rxg5 d4 21. Rf1 Qb5 22. Qf5 Qe2 23. h4 $40 {[%cal Bh2h4,Bh4h5][%mdl 160] Black needs to defend precisely.} h6 24. Rg3 Rde8 25. Qf6 $1 {[%csl Gg3][%cal Rf6g7]} g6 26. Rf5 $1 {Rxg6+! would kill now.} Kh7 {[#]} (26... Qe1+ $1 $14 27. Kh2 Qxg3+ 28. Kxg3 Re6) 27. h5 $1 $16 {[%cal Rh5g6][%mdl 512]} Qe1+ (27... gxh5 28. Qg7#) 28. Kh2 {[%cal Rh5g6]} Qxg3+ ({But not} 28... g5 $2 29. Rfxg5 $1 {[%mdl 512]} hxg5 30. Qf5+ Kh8 31. Qxg5 $18) 29. Kxg3 {White threatens hxg6+ and mate.} gxf5 30. Qxf5+ {[%mdl 4096] Endgame KQ-KRR} Kg7 31. Kf4 {aiming for Qf6+.} Re6 32. g4 Rfe8 33. Ke4 Rd6 34. a3 Kg8 35. a4 ({Better is} 35. g5 $16) 35... Kg7 (35... d3 $11 {keeps the balance.} 36. cxd3 Rd4+ 37. Ke3 Rd5) 36. a5 ({White should play} 36. g5 $16) 36... Kg8 (36... Rde6 $14) 37. g5 hxg5 38. Qxg5+ Kh7 39. Qf5+ Kg7 40. Qg5+ (40. Kd3 $18 Rde6 41. Kc4) 40... Kh7 $1 41. Qg3 (41. Qf4 $1 $16 {[%cal Rf4f7]} Kg7 42. Qg4+ Kh8 43. Kd3 Rxe5 44. Qf4) 41... Kh6 ({Black should try} 41... d3 $1 $14 42. cxd3 Ree6) 42. Qg4 $1 Kh7 43. Qg5 $1 Kh8 (43... d3 $16 44. cxd3 Ree6 45. Qf5+ Kg8) 44. h6 {[%csl Gh6][%cal Rg5g7]} Rg6 45. Qf5 $1 {[%cal Rf5f7]} Kg8 46. Kd5 Rge6 (46... Rxh6 $16 47. Kxc5 Rb8) 47. Kc4 $2 (47. Qh5 $18 {and White stays clearly on top.}) 47... Rxh6 48. Kxc5 d3 $2 (48... Rb8 $16 49. Kc4 (49. Kxd4 Rb5 $16) 49... Re6) 49. cxd3 $18 Rb8 {[#]} 50. b4 $1 Rh1 51. d4 Rc1+ 52. Kd6 {And now Qg5+ would win.} Rc4 53. e6 Rxd4+ 54. Kc5 (54. Ke7 $142 fxe6 55. Qg6+ Kh8 56. Qf6+ Kg8 57. Qxd4 Rb7+ 58. Kxe6 Rf7 {[#]} 59. b5 $1 {[%mdl 512]} axb5 60. a6) 54... Rdd8 55. Qxf7+ Kh8 56. Qf6+ Kh7 57. e7 Rdc8+ 58. Kd5 {White mates.} Rg8 59. Qxa6 Rg5+ 60. Kc6 Rg6+ 61. Kc7 Rxa6 62. Kxb8 {KR-K3P} Re6 63. b5 {[%cal Bb4b5,Bb5b6,Bb6b7][%mdl 32]} Kg7 64. b6 Kf7 65. b7 Rxe7 66. Ka8 Re5 67. a6 {[%cal Ba5a6,Ba6a7][%mdl 32]} Re6 68. a7 {Precision: White = 62%, Black = 33%.} 1-0

[Event "RUS-chT Premier League 2018"]
[Site "Sochi"]
[Date "2018.05.04"]
[Round "4"]
[White "Iljin, Artem"]
[Black "Popov, Valerij"]
[Result "1/2-1/2"]
[WhiteElo "2528"]
[BlackElo "2528"]
[Annotator "TA"]
[PlyCount "59"]
[EventDate "2018.??.??"]
[EventCountry "RUS"]
[SourceTitle "playchess.com"]
[Source "ChessBase"]
[SourceQuality "1"]

{[%evp 9,59,-4,54,46,47,33,37,37,43,51,44,40,82,100,87,84,77,80,74,79,94,83,131,65,75,87,164,152,156,156,141,110,319,142,161,139,145,129,128,119,108,7,42,20,42,42,26,0,7,0,0,0]} 1. Nf3 d5 2. e3 c5 3. b3 Nc6 4. Bb5 f6 (4... Bd7 5. Bb2 e6 6. O-O Nge7 7. Be2 Ng6 8. c4 d4 9. exd4 cxd4 10. Nxd4 Qf6 11. Nc2 Qxb2 12. Nc3 Nb4 {0-1 (27) Salgado Lopez,I (2644)-Anand,V (2782) Riadh 2017}) 5. Nc3 $146 ({Predecessor:} 5. Bxc6+ bxc6 6. d4 Ba6 7. dxc5 Qa5+ 8. Qd2 Qxc5 9. Ba3 Qb6 10. Nc3 e5 11. Na4 Qb5 12. Bxf8 Kxf8 {1-0 (35) Kokeza,M (2236)-Babic,D (2282) Banja Vrucica 2014}) 5... Bg4 (5... e5 $11) 6. h3 {A06: Réti Opening:1 Nf3 d5} Bh5 7. Ba3 e5 8. e4 {White is slightly better.} d4 9. Bxc6+ $1 bxc6 10. Na4 c4 {[#]} 11. Bxf8 $1 Kxf8 12. Qe2 $36 {[%mdl 2048] White is on the roll.} Bf7 13. c3 ({Don't play} 13. bxc4 Qa5 $11) 13... Ne7 14. cxd4 ({Much weaker is} 14. bxc4 Qa5 $15) 14... exd4 15. O-O ({Of course not} 15. bxc4 $6 Qa5 $11) 15... g5 16. Rfc1 (16. e5 $16) 16... Ng6 $14 17. Rxc4 Nf4 (17... d3 $16 18. Qe3 Bxc4 19. Qc5+ Kg7 20. Qxc4 Nf4) 18. Qf1 $18 Bxc4 19. Qxc4 Qd6 20. Re1 {[%cal Ba1e1,Be1e3,Be3d3,Bd3d7][%mdl 32]} d3 $2 (20... Ne6 $16) 21. Nc5 (21. e5 $18 {and the rest is easy.} Qe6 22. Qb4+ Kg8 23. Nc5) 21... Re8 $16 22. Re3 Kg7 23. Nxd3 Nxd3 24. Rxd3 Qe6 25. Qxe6 (25. Qc5 $16) 25... Rxe6 $11 26. Rd7+ Kg6 27. d3 {[#] aiming for Nd4.} c5 28. Nd2 Ra6 29. Nc4 Rxa2 30. Ne3 {Precision: White = 50%, Black = 59%.} 1/2-1/2

[Event "RUS-chT Premier League 2018"]
[Site "Sochi"]
[Date "2018.05.04"]
[Round "4"]
[White "Triapishko, Alexandr"]
[Black "Grachev, Boris"]
[Result "1/2-1/2"]
[WhiteElo "2504"]
[BlackElo "2647"]
[Annotator "TA"]
[PlyCount "222"]
[EventDate "2018.??.??"]
[EventCountry "RUS"]
[SourceTitle "playchess.com"]
[Source "ChessBase"]
[SourceQuality "1"]

{[%evp 9,222,30,40,33,50,44,48,32,70,65,89,93,97,103,99,62,67,69,91,55,50,47,34,30,31,24,27,0,5,0,0,9,10,-34,-31,-39,-38,-105,-97,-102,-95,-175,-175,-163,-174,-123,-15,-30,-9,-27,-5,-8,-14,-16,-8,-45,-47,-65,-44,-15,0,0,0,-23,-8,-8,-10,-8,-23,-98,-59,-61,-78,-147,-137,-124,-118,-148,0,0,-7,-127,-117,-127,-114,-127,-127,-127,-127,-127,-127,-127,-127,-127,-127,-127,-127,-141,-127,-127,-127,-216,-127,-127,-127,-127,-127,-127,-127,-127,-127,-127,-127,-127,-127,-127,-127,-127,-127,-127,-127,-211,-127,-168,0,-211,-211,-530,-127,-211,0,-402,-127,-127,-127,-127,-127,-127,-127,-127,-127,-127,-127,-127,-127,-127,-127,-127,-127,-127,-127,-127,-127,-127,-127,-127,-127,-127,-127,-127,-127,-127,-127,-127,-127,-127,-127,-127,-127,-127,-127,-127,-127,-127,-127,-127,0,-127,0,-127,-8,-8,-8,-8,-8,-8,-8,-8,-8,-8,0,0,0,0,0,0,0,0,0,0,0,0,0,0,0,0,0,0,0,0,0,0,0,0,0]} 1. e4 c5 2. Nf3 e6 3. d4 cxd4 4. Nxd4 Nc6 5. Nc3 a6 6. Qd3 {B46: Sicilian: Taimanov: 5 Nc3 a6} (6. Nxc6 bxc6 7. Bd3 d5 8. O-O Nf6 9. Qf3 Be7 10. Qg3 O-O 11. Bh6 Ne8 12. Bf4 Bh4 13. Qf3 Bg5 14. Na4 Qf6 15. Bxg5 Qxg5 16. Nb6 Rb8 17. Nxc8 Rxc8 18. Bxa6 {1-0 (33) Kramnik,V (2800)-Andreikin,D (2712) Moscow 2018}) 6... Nge7 $146 ({Predecessor:} 6... Qc7 7. Nxc6 bxc6 8. Qg3 Qxg3 9. hxg3 d5 10. Bf4 Nf6 11. Na4 Bb4+ 12. c3 Ba5 13. exd5 cxd5 {½-½ (28) Motylev,A (2658)-Leitao,R (2618) Fufeng 2017}) 7. Bf4 Ng6 8. Bg3 {White is slightly better.} d6 9. O-O-O Nxd4 10. Qxd4 e5 11. Qa4+ Bd7 12. Qb3 b5 13. Nd5 Be7 14. Kb1 O-O 15. Be2 Be6 16. Nxe7+ Qxe7 17. Qa3 Rfd8 18. h4 Rac8 19. Rd2 ({Of course not} 19. Qxa6 Ra8 $17) 19... Qc7 20. Rhd1 d5 21. exd5 Rxd5 22. c3 ({Don't play} 22. Qxa6 Bf5 $1 $17 {[%mdl 512]}) 22... Rc5 23. h5 (23. Kc1 $15) 23... Nf8 $1 $17 24. Bh4 ({Much worse is} 24. Qxa6 b4 $11) 24... f6 $1 25. f4 (25. f3 $17 {keeps fighting.}) 25... a5 $19 {Strongly threatening ...b4.} 26. Bf2 b4 $1 {[%cal Rb4a3]} 27. Qa4 bxc3 (27... Rc6 $17 28. fxe5 bxc3) 28. Rc2 $11 Rc6 29. Bb5 Bf5 30. Bxc6 Qxc6 31. Qxc6 Rxc6 32. b3 exf4 {And now ...Re6 would win.} 33. Kc1 Bxc2 34. Kxc2 $15 {[%mdl 4096] Endgame KRB-KRN} Ne6 35. Rd5 Ng5 36. Rxa5 Re6 37. Ra8+ Kf7 38. Ra7+ Ke8 39. Bd4 (39. Bc5 $11 {remains equal.}) 39... Re2+ $17 40. Kxc3 Rxg2 41. h6 ({Better is} 41. a4) 41... gxh6 42. b4 f3 43. b5 Ne6 (43... Ne4+ $1 $17 44. Kc4 Nd6+ 45. Kd3 Nxb5) 44. b6 $1 $11 {[%cal Rb6b7]} Nxd4 45. Kxd4 {KR-KR} (45. b7 $1 $11 Nc6 46. Ra6 Rc2+ 47. Kb3) 45... Rb2 46. Ra3 Rxb6 47. Ke3 Kf7 48. Kxf3 Kg6 49. Ra8 h5 50. Kg3 Rb4 51. Kh3 Rc4 52. Rg8+ Kf5 53. Ra8 Rc3+ 54. Kh4 Rc1 55. Ra5+ (55. Kg3 $17 {is a better defense.}) 55... Kg6 (55... Kf4 $1 $19 {[%cal Rc1h1]} 56. Ra4+ Kf3 57. Kxh5 Rh1+ 58. Rh4 Rxh4+ 59. Kxh4 Ke3) 56. a4 $17 Rc4+ 57. Kh3 Rc3+ 58. Kh4 h6 59. Ra8 Rc4+ 60. Kh3 Kg5 61. a5 Rc3+ 62. Kg2 Ra3 63. a6 Kf4 64. Kh2 f5 65. Kg2 (65. Ra7 $17) 65... Ra2+ 66. Kh3 Ra3+ 67. Kg2 {[#]} h4 $1 68. Kh2 $2 (68. Ra7 {was the crucial defense.}) 68... Ra1 $2 (68... Kf3 $19 69. Rf8 f4) 69. Kg2 (69. Ra7 $17) 69... Ra3 $2 (69... Kg4 70. Rg8+ Kh5) 70. Kh2 $1 $19 h3 $2 (70... Kf3 $19 71. Kh3 Ra1) 71. a7 $17 h5 72. Rb8 Rxa7 73. Kxh3 Ra1 74. Rb7 Rh1+ 75. Kg2 Rc1 76. Kh3 Kg5 77. Rg7+ Kf6 78. Ra7 Kg6 79. Ra8 Rc3+ 80. Kh4 Rc4+ 81. Kh3 Rg4 82. Rg8+ Kf6 83. Rh8 Kg5 84. Rg8+ Kf4 85. Ra8 Rg1 86. Ra4+ Kg5 87. Ra8 Re1 88. Rg8+ Kf4 89. Rf8 Re5 {Hoping for ...Ke3.} 90. Rh8 Re3+ 91. Kh2 Kg4 92. Rg8+ Kf4 93. Rh8 $1 Kg4 94. Rg8+ $1 {[#]} Kf3 ({Black should play} 94... Kh4 $1 $17 {Threatens to win with ...f4.} 95. Kg2 Rc3) 95. Rg5 $1 $11 {The position is equal.} Re2+ 96. Kg1 Re1+ 97. Kh2 f4 98. Rxh5 Kf2 99. Ra5 f3 100. Ra2+ Re2 101. Ra1 Re3 102. Rb1 Re1 103. Rb2+ Re2 (103... Kf1 $5 104. Kg3 $8 Re3 105. Rf2+ Ke1 $11) 104. Rb1 Re1 105. Rb2+ Ke3 {( -> ...Re2+)} 106. Rb3+ Kf4 107. Rb4+ $1 Re4 (107... Ke3 $5 {[%cal Rf3f2]} 108. Rb3+ Kf2 109. Rb2+ $19) 108. Rb8 $1 Re1 {...f2 is the strong threat.} 109. Rb4+ $1 Re4 110. Rb8 $1 Re7 {White must now prevent ...Re1.} 111. Kg1 Ke5 {Precision: White = 73%, Black = 55%.} 1/2-1/2

[Event "RUS-chT Premier League 2018"]
[Site "Sochi"]
[Date "2018.05.04"]
[Round "4"]
[White "Bezgodov, Alexei"]
[Black "Shinkevich, Vitaly"]
[Result "1/2-1/2"]
[WhiteElo "2473"]
[BlackElo "2438"]
[Annotator "TA"]
[PlyCount "84"]
[EventDate "2018.??.??"]
[EventCountry "RUS"]
[SourceTitle "playchess.com"]
[Source "ChessBase"]
[SourceQuality "1"]

{[%evp 15,84,18,26,18,31,20,33,25,31,0,9,0,16,0,11,0,2,0,0,-14,-13,-13,-11,-50,-27,-138,-67,-49,-22,-26,-39,-28,-41,-35,-12,-20,0,0,0,0,0,0,0,0,34,32,31,35,34,26,138,106,111,129,118,117,110,40,49,8,4,5,4,6,4,3,7,2,9,0,8]} 1. e4 e5 2. Nf3 Nc6 3. Bb5 {[%cal Bf1b5,Bb5a4,Ba4b3][%mdl 32]} a6 4. Ba4 Nf6 5. O-O b5 6. Bb3 Bb7 7. d3 Bc5 8. Nc3 O-O {LiveBook: 51 Games. C78: Ruy Lopez: Archangelsk and Möller Defences} 9. Bd2 (9. a3 h6 10. Nd5 d6 11. c3 Rb8 12. h3 Re8 13. Nh2 Nxd5 14. Bxd5 Ne7 15. Ba2 Ng6 16. Qf3 {½-½ (43) Trent,L (2435)-Adams,M (2727) Germany 2018}) 9... h6 10. Nd5 d6 11. c3 Rb8 12. Rc1 $146 ({Predecessor:} 12. a4 Bc8 13. axb5 axb5 14. Rc1 Be6 15. Re1 Bxd5 16. exd5 {½-½ (28) Ramsey,T-Lee,M ICCF email 2017}) 12... Ba7 13. a3 Nd7 14. Ba2 Ne7 {[%cal Bc6e7,Be7g6,Bg6f4][%mdl 32]} 15. Ne3 Nf6 16. c4 Ng6 17. Ba5 Rc8 18. h3 Qd7 19. Nh2 Nf4 20. b3 {[#]} (20. Nf3 $11) 20... Nh7 (20... N6h5 $1 $17 21. Nhg4 Bc5) 21. Nd5 $15 Nxd5 (21... Bxd5 {is more complex.} 22. cxd5 f5 23. Bb1 Qf7 24. h4 g5) 22. cxd5 f5 23. Bd2 Nf6 24. Qe2 c6 25. dxc6 Bxc6 {[%cal Rf5e4]} 26. b4+ Kh8 {[%cal Rf5e4]} 27. exf5 Qxf5 {...Nh5 is the strong threat.} 28. Be3 $1 {[%cal Re3a7]} Bxe3 29. fxe3 {[%cal Bf2e3,Be3e4][%mdl 32]} Qg6 30. Be6 Rc7 $1 31. Ng4 {And now Nxf6 would win.} Qe8 32. Bb3 Re7 (32... Ng8 $11 {keeps the balance.}) 33. Nxf6 gxf6 34. e4 Rg7 35. Rf5 Bd7 {[#]} 36. Rh5 (36. Rf3 $1 $16) 36... Qg6 $14 37. Rf1 f5 {The position is equal.} 38. exf5 Rxf5 39. Rhxf5 Bxf5 40. Rf3 {Black must now prevent Qf1.} e4 $1 {[%cal Re4f3]} 41. dxe4 Bxe4 42. Rf2 d5 $1 {Precision: White = 58%, Black = 58%.} 1/2-1/2

[Event "RUS-chT Premier League 2018"]
[Site "Sochi"]
[Date "2018.05.04"]
[Round "4"]
[White "Usmanov, Vasily"]
[Black "Timofeev, Artyom"]
[Result "1/2-1/2"]
[WhiteElo "2464"]
[BlackElo "2573"]
[Annotator "TA"]
[PlyCount "81"]
[EventDate "2018.??.??"]
[EventCountry "RUS"]
[SourceTitle "playchess.com"]
[Source "ChessBase"]
[SourceQuality "1"]

{[%evp 19,81,4,0,-10,0,0,24,11,13,12,9,14,21,0,30,16,20,16,22,12,25,12,12,12,16,18,21,13,18,17,28,4,4,5,6,0,0,0,2,-7,0,0,0,-5,0,-5,-4,-7,0,-1,0,0,0,0,0,0,0,0,0,0,0,0,0,0]} 1. d4 d5 2. c4 e6 3. Nf3 c6 4. Bg5 Be7 5. Bxe7 Qxe7 6. Nbd2 Nf6 {D30: Queen's Gambit Declined: Systems without Nc3} 7. g3 O-O 8. Bg2 b6 9. O-O Bb7 10. Rc1 (10. Ne5 Nbd7 11. Nxd7 Nxd7 12. Rc1 Rfd8 13. Qb3 Rab8 14. Rfd1 {½-½ (36) Radjabov,T (2741)-Rapport,R (2692) Palma de Mallorca 2017}) 10... Nbd7 {LiveBook: 4 Games} 11. cxd5 cxd5 12. Qa4 Qd6 13. e3 $146 ({Predecessor:} 13. Rc3 a5 {1-0 (58) Cubok,M-Licka,R Ostrava 2011}) 13... a5 14. Rfd1 Rfc8 15. Bf1 Bc6 16. Qb3 h6 17. Nb1 Ne4 18. Nfd2 Nef6 19. Nc3 Qb4 20. a3 Qxb3 21. Nxb3 Kf8 22. Rd2 Ke7 23. Rdc2 Kd8 24. Nd2 Bb7 25. Nb5 Rxc2 {The position is equal.} 26. Rxc2 Ne8 27. Nf3 f6 28. Nh4 Nf8 29. Bd3 Rc8 30. Rxc8+ Bxc8 31. Kf1 Bd7 32. Ke2 g5 33. Nf3 Ke7 34. h4 Nd6 35. Nxd6 Kxd6 36. hxg5 hxg5 $11 {KBN-KBN} 37. Nd2 Be8 38. f4 gxf4 39. gxf4 Bh5+ 40. Kf2 Bg6 41. Ke2 {Precision: White = 55%, Black = 59%.} 1/2-1/2

[Event "RUS-chT Premier League 2018"]
[Site "Sochi"]
[Date "2018.05.04"]
[Round "4"]
[White "Drygalov, Andrey"]
[Black "Skatchkov, Valery"]
[Result "1-0"]
[WhiteElo "2446"]
[BlackElo "2351"]
[Annotator "TA"]
[PlyCount "83"]
[EventDate "2018.??.??"]
[EventCountry "RUS"]
[SourceTitle "playchess.com"]
[Source "ChessBase"]
[SourceQuality "1"]

{[%evp 20,83,25,10,16,11,13,8,29,16,25,23,25,20,30,12,39,16,10,16,29,14,62,-39,-51,-42,0,-34,-23,-79,-70,-72,-52,-75,-27,-45,-9,-12,26,18,22,0,14,0,5,0,7,0,0,-7,-14,-101,516,520,518,509,486,500,464,177,531,527,507,494,29995,29995]} 1. d4 Nf6 2. c4 e6 3. Nf3 b6 4. g3 Bb7 5. Bg2 Be7 6. O-O O-O 7. Re1 Na6 8. Nc3 Ne4 {E18: Queen's Indian: Old Main Line (4 g3 Bb7 5 Bg2 Be7 6 0-0 0-0 7 Nc3)} (8... d5 9. cxd5 exd5 10. Bf4 Re8 11. Rc1 c5 12. dxc5 Nxc5 13. Nd4 a6 14. a3 Bf8 15. b4 Ne6 16. Nxe6 fxe6 17. Na4 Rc8 18. Rxc8 Qxc8 19. Qd4 b5 {0-1 (82) Nakamura,H (2787)-Carlsen,M (2853) chess.com INT 2016}) 9. Bf4 Nxc3 10. bxc3 Be4 11. Bf1 {LiveBook: 10 Games} d6 12. Nd2 Bb7 13. e4 Bf6 14. Be3 e5 15. Rb1 Qe7 $146 ({Predecessor:} 15... Qd7 16. Be2 {½-½ (25) Sabaev,S (2425)-Siigur,J (2411) ICCF email 2015}) 16. Bg2 Rad8 17. a3 g6 18. Qe2 Bg7 19. f4 Nb8 20. Qf2 c5 21. d5 (21. fxe5 $14 cxd4 22. cxd4) 21... exf4 $15 22. gxf4 Bxc3 23. Rb3 (23. e5 $5) 23... Bg7 24. Qg3 (24. e5 $11) 24... Rfe8 25. Bf2 Nd7 26. Rbe3 f6 27. h4 Nf8 28. h5 Ba6 29. hxg6 hxg6 30. Bf1 Qd7 31. Qh4 Re7 32. Bh3 Qc7 33. e5 $36 {[%mdl 2048] White has the initiative.} fxe5 34. fxe5 Bxe5 {[#]} 35. Ne4 {[#]} (35. Rxe5 $1 $11 {[%mdl 512] remains equal.} Rxe5 (35... dxe5 36. Ne4) 36. Rxe5 dxe5 37. Ne4) 35... Rh7 $2 {[%mdl 8192]} (35... Rde8 $1 $17 36. Nf6+ Bxf6 37. Qxf6 Rxe3 38. Rxe3 Qf7 39. Qxd6 Bxc4) 36. Nf6+ $18 Bxf6 37. Qxf6 {Threatens to win with Re7.} Rf7 {[#]} 38. Qg5 $1 Nh7 39. Qh4 $2 (39. Qh6 Rdf8 40. Be6) 39... Kg7 $2 (39... g5 40. Qh6 Bc8) 40. Re7 g5 {[#]} 41. Bd4+ $1 {[%mdl 512]} Kg8 (41... cxd4 $18 42. Qxd4+ Nf6 43. Rxc7 Rxc7) 42. Re8+ {Precision: White = 23%, Black = 23%.} 1-0

[Event "RUS-chT Premier League 2018"]
[Site "Sochi"]
[Date "2018.05.04"]
[Round "4"]
[White "Palchun, Grigory"]
[Black "Hasangatin, Ramil"]
[Result "0-1"]
[WhiteElo "2443"]
[BlackElo "2502"]
[Annotator "TA"]
[PlyCount "102"]
[EventDate "2018.??.??"]
[EventCountry "RUS"]
[SourceTitle "playchess.com"]
[Source "ChessBase"]
[SourceQuality "1"]

{[%evp 14,102,45,0,0,0,92,54,58,7,4,0,0,-15,0,0,0,0,0,-57,-41,-50,-47,-45,-46,-50,-51,-53,-48,-61,-43,-63,-63,-53,-49,-61,0,0,0,-79,-40,-36,-31,-37,-31,-31,-22,-31,-26,-205,-225,-220,-212,-168,-112,-112,-112,-112,-112,-112,-111,-151,-150,-110,-120,-613,-560,-707,-735,-2294,-1671,-29969,-29971,-29969,-59,-29971,-29971,-29972,-29971,-29975,-29975,-29981,-29978,-29983,-29984,-29985,-29985,-29995,-29996,-29996,-29997]} 1. e4 c5 2. Nf3 Nc6 3. d4 cxd4 4. Nxd4 e5 5. Nb5 a6 6. Nd6+ Bxd6 7. Qxd6 Qe7 8. Qd3 {LiveBook: 3 Games. B32: Sicilian: Löwenthal and Kalashnikov Variations} (8. Qd1 {is more complex.} d6 9. Nc3 Be6 10. Nd5 Qd8 11. Be3) (8. Qd1 Nf6 9. Nc3 d6 10. Bc4 Be6 11. Bb3 h6 12. Be3 O-O 13. O-O Rac8 14. Qd2 Na5 15. Rad1 Nc4 16. Bxc4 Rxc4 17. Qxd6 Qxd6 18. Rxd6 {½-½ (39) Sarana,A (2577)-Sjugirov,S (2652) Batumi 2018}) 8... Nf6 9. Nc3 d6 (9... d5 $11 {remains equal.}) 10. Bg5 {White is better.} Be6 11. Be2 ({White should play} 11. O-O-O $14) 11... Nd4 $146 ({Predecessor:} 11... Rd8 12. O-O h6 13. Be3 d5 14. exd5 Nxd5 15. Nxd5 Bxd5 {½-½ (52) Yeritsyan,A (2117)-Rudenko,N (1957) St Petersburg 2015}) 12. Nd5 Bxd5 13. exd5 Nxe2 14. Qxe2 h6 15. Bxf6 $1 Qxf6 16. h4 (16. O-O $11) 16... Qf4 17. c3 Rc8 18. g3 Qc4 19. Qxc4 Rxc4 $15 {[%mdl 4096] Endgame KRR-KRR} 20. Ke2 Ke7 21. a4 Rc5 22. Rhd1 g5 23. hxg5 hxg5 24. Rac1 f5 (24... Rhc8 $15) 25. b4 Rc4 26. Kd3 (26. Rh1 $1 $11 Rcc8 27. Rxh8 Rxh8 28. c4) 26... b5 27. axb5 axb5 28. Rh1 e4+ 29. Kd2 Rcc8 30. Rxh8 Rxh8 $11 {KR-KR} 31. Ra1 $2 (31. c4 $11 {and White has nothing to worry.}) 31... Rh2 $1 $19 {[%cal Rh2f2]} 32. Ke3 Kf6 {And now ...Ke5 would win.} 33. Ra2 Rh8 (33... Rh1 $1 $19 34. Ra8 Rd1) 34. c4 $17 Ke5 {Hoping for ...f4+.} 35. cxb5 f4+ ({Don't play} 35... Kxd5 $6 36. b6 $11) 36. gxf4+ gxf4+ 37. Ke2 Rb8 38. Ra5 Kd4 39. Ra6 $2 {[%mdl 8192]} (39. Kd2 $17) 39... f3+ $1 $19 40. Kd2 Rxb5 41. Rxd6 Rxb4 42. Ra6 {[#]} Rb2+ $1 43. Ke1 Rb1+ 44. Kd2 Rf1 {Black mates.} 45. Ra4+ {[#]} Ke5 $1 46. d6 Rxf2+ 47. Kc1 Re2 48. d7 f2 {[%cal Rf2f1]} 49. Ra5+ Kf4 {[%cal Rf2f1]} 50. Rd5 f1=Q+ 51. Rd1 Qh3 {Precision: White = 48%, Black = 75%.} 0-1